00864nam a22002417a 450000500170000001000130001702000220003003500130005203700160006504000120008108200130009324501100010626000410021627000550025730000210031265000230033365000290035670000280038570000300041394200220044399900190046595201380048420170124110159.0 aB-061205 c00.00a8173043795 aB-061205 bCen Lib/Ret aDPLbEN a080bUNF aThe unfinished agenda :cedited by Mushirul Hasan [and] Nariaki Nakazatobnation-building in South Asia / aNew Delhi bManohar Publishersc2001 a4753/23 Ansari Road, DaryaganjbNew Delhi e110002 a536p. c22cm(Hb) aNationalism935719 aPolitical culture935720 aHasan, Mushirul 928649 aNakazato, Nariaki 935721 2ddccENh080mUNF c132780d132780 00104070aLbLd2015-07-23eCen Lib/Ret g0.00l2m2o080 UNFpB-061205r2022-12-09 00:00:00s2022-10-28t1v0.00w2015-07-23yEN